| 000 | 00690nam a2200193 i 4500 | ||
|---|---|---|---|
| 001 | 131317 | ||
| 003 | ES-MaACL | ||
| 005 | 20230906193947.0 | ||
| 007 | t| | ||
| 008 | 070214s1912 sp a |||| | spa d | ||
| 080 | _a811.134.2'342.1 | ||
| 100 | 1 |
_aRobles Rodríguez, Ramón. _9143195 |
|
| 245 | 1 | 0 |
_aNueva teoría de las letras vocales / _cR. Robles. |
| 260 |
_aMadrid : _b[s. n.], _c1912 ( _fTip. de la Revista de archivos, bibliotecas y museos) |
||
| 300 |
_a43 p. : _bil. ; _c24 cm. |
||
| 595 | _aSeparata de: Revista de archivos, bibliotecas y museos, 1912. | ||
| 650 | 4 |
_aLengua española- _xVocales. _9144525 |
|
| 852 |
_aES-MaACL _jT-1329-F-8 _z.- Dedicatoria autógrafa del autor |
||
| 999 |
_c131317 _d131317 |
||